Ishavasya upnishad : (Record no. 124896)

MARC details
000 -LEADER
fixed length control field 00673nam a22002297a 4500
005 - DATE AND TIME OF LATEST TRANSACTION
control field 20170124105946.0
010 ## - LIBRARY OF CONGRESS CONTROL NUMBER
LC control number B-012799
020 ## - INTERNATIONAL STANDARD BOOK NUMBER
Terms of availability 00.00
035 ## - SYSTEM CONTROL NUMBER
System control number B-012799
037 ## - SOURCE OF ACQUISITION
Source of stock number/acquisition Cen Lib/Ret
040 ## - CATALOGING SOURCE
Original cataloging agency DPL
Language of cataloging EN
082 ## - DEWEY DECIMAL CLASSIFICATION NUMBER
Classification number 220.24
Item number SAT
100 ## - MAIN ENTRY--PERSONAL NAME
Personal name Swami Satyananda, Saraswati
9 (RLIN) 75780
245 ## - TITLE STATEMENT
Title Ishavasya upnishad :
Statement of responsibility, etc by Swami Styananda Saraswati
Remainder of title text translation commentary /
250 ## - EDITION STATEMENT
Edition statement 2nd ed.
260 ## - PUBLICATION, DISTRIBUTION, ETC. (IMPRINT)
Place of publication, distribution, etc Munger
Name of publisher, distributor, etc Bihar School of Yoga
Date of publication, distribution, etc 1984
270 ## - ADDRESS
Address Ganga Darshan
City Munger
300 ## - PHYSICAL DESCRIPTION
Extent 82p.
Dimensions 21cm(Hb)
650 ## - SUBJECT ADDED ENTRY--TOPICAL TERM
Topical term or geographic name as entry element Hinduism
General subdivision Sacred books
9 (RLIN) 101809
650 ## - SUBJECT ADDED ENTRY--TOPICAL TERM
Topical term or geographic name as entry element Upnishad
9 (RLIN) 101810
942 ## - ADDED ENTRY ELEMENTS (KOHA)
Source of classification or shelving scheme Dewey Decimal Classification
Koha item type English Books
Classification part 220.24
Call number suffix SAT
Holdings
Withdrawn status Lost status Damaged status Not for loan Home library Current library Date acquired Source of acquisition Cost, normal purchase price Total Checkouts Full call number Barcode Date last seen Copy number Cost, replacement price Price effective from Koha item type
        Central Library Central Library 18/06/2015 Cen Lib/Ret 0.00   220.24 SAT B-012799 18/06/2015 1 0.00 18/06/2015 English Books

© Delhi Public Library
Hit Counter
free hit counter